1115 1241 1789 1644 1591 1839 1106 1102 1858 1104 1838 1448 1558 1268 1248 1412 1157 1557 1486 1431 1447 1426 1952 1864 1328 1231 1336 1066 1672 1195 1529 1283 1261 1631 1040 1825 1332 1040 1780 1093 1871 1273 1004 1101 1674 1596 1904 1889 1719 1912 1582 1245 1988 1198 1189 1875 1618 1267 1486 1298 1665 1362 1773 1733 1771 1249 1381 1268 1781 1135 1760 1029 1156 2000 1665 1803 1192 1898 1416 1456 1274 1541 1200 1023 1275 1950 1168 1412 1275 1968 1710 1268 1936 1866 1797 1539 1026 1727 1889 BCNSPRNW ULIB Ver.6.0+V

เปลี่ยนเป็นภาษาไทย

Change to English
 แสดงรายละเอียดบรรณานุกรม
  กลับหน้าหลัก

Brief Record : Get Marc (ISO 2709) : E-mail record : QR code < ปิดหน้าต่าง
LEADER : 00000nam 2200000uu 4500
001    13399128509
003     ULIB
008    230830s2565||||th 000 0 tha d
020    ^a9786169392408
050  0 ^aนว.^bร914ส
100 0  ^aแรเงา
245 10 ^aสร้อยนาคี /^cแรเงา
250    ^aพิมพ์ครั้งที่ 10
260    ^aปทุมธานี :^bทอฝันปันรัก,^c2565
300    ^a536 หน้า ;^c21 ซม.
650  4 ^aนวนิยายไทย
945    ^p390^l0^i010277
999    ^aประนอม เกษจรัล
รายการนี้ยังไม่มีแท็ก
คุณยังไม่ได้ล็อกอิน คุณสามารถมีกิจกรรมร่วมกับเว็บไซต์ได้ แต่ต้องล็อกอินก่อน ::
  ล็อกอิน

รายการสื่อสารสนเทศ

ลำดับที่ ประเภท เลขเรียก/บาร์โค้ด สถานที่ สถานะ
1. นวนิยาย
นวนิยาย
นว. ร914ส ฉ.1 
  Barcode: 010277
ห้องสมุดวิทยาเขตสวรรค์ประชารักษ์
►หนังสือทั่วไป
บนชั้น

รายการใกล้เคียง
    ผู้แต่ง [แรเงา]

    หัวเรื่อง [นวนิยายไทย]

BibComment


ยังไม่เคยถูกคอมเมนท์

คอมเมนท์ทรัพยากรรายการนี้
  คอมเมนท์: สร้อยนาคี แรเงา


 Copyright 2026. Bcnsprnw @Library